Maisie Peters - Best I'll Ever Sing - Statistics

General Stats
  • This quiz has been taken 42 times
  • The average score is 257 of 310
Answer Stats
Answer % Correct
I
100%
A
96%
a
96%
best
96%
ever
96%
I'll
96%
sing
96%
that
96%
The
96%
the
96%
and
92%
And
92%
in
92%
then
92%
to
92%
was
92%
as
88%
at
88%
back
88%
But
88%
go
88%
like
88%
Like
88%
me
88%
my
88%
on
88%
songs
88%
we
88%
wrote
88%
you
88%
Are
84%
'Cause
84%
every
84%
Every
84%
I'm
84%
line
84%
Maybe
84%
maybe
84%
there
84%
There
84%
they
84%
They
84%
try
84%
When
84%
when
84%
words
84%
worst
84%
your
84%
baby
80%
brought
80%
crying
80%
Crying
80%
don't
80%
each
80%
gone
80%
it
80%
million
80%
now
80%
of
80%
other
80%
out
80%
piano
80%
you're
80%
You're
80%
all
76%
better
76%
half
76%
is
76%
listening
76%
mean
76%
much
76%
off
76%
ooh
76%
Ooh
76%
our
76%
skin
76%
soften
76%
sting
76%
stop
76%
too
76%
without
76%
full
72%
if
72%
little
72%
shadows
72%
stood
72%
stops
72%
Writing
72%
writing
72%
choir
68%
close
68%
letter
68%
lyric
68%
see
68%
taller
68%
this,
68%
tried
68%
bury
64%
could
64%
cut
64%
I've
64%
never
64%
shows
64%
Wish
64%
again
60%
curtain
60%
falls,
60%
God
60%
knows
60%
send
60%
were
60%
would
60%
from
56%
heard
56%
immortalised
56%
piece
56%
moment
48%
Oh,
48%
us,
48%
They're
28%
No matching quizzes found
Score Distribution
Percent of People with Each Score
Percentile by Number Answered
Your Score History
You have not taken this quiz